000 00363pam a2200157a 44500
008 230515b1980 xxu||||| |||| 00| 0 eng d
020 _aNULL
041 _aENGL
082 _a621.33804/GUL
100 _aGULATI R.R.
245 _aMONOCHROME AND COLOUR TELEVISION (GUL)
250 _aB27
260 _aNULL
_bWILEY
_c1980
300 _a774 PB
650 _aNULL
999 _c615732
_d615732